ESSENTIALS OF PHYSIOLOGY FOR DENTAL STUDENTS (Record no. 21832)

MARC details
000 -LEADER
fixed length control field 00372nam a22001577a 4500
003 - CONTROL NUMBER IDENTIFIER
control field SGT
020 ## - INTERNATIONAL STANDARD BOOK NUMBER
International Standard Book Number 978-9350250761
082 ## - DEWEY DECIMAL CLASSIFICATION NUMBER
Classification number 612
Item number E19S
100 ## - MAIN ENTRY--PERSONAL NAME
Personal name SEMBULINGAM K
245 ## - TITLE STATEMENT
Title ESSENTIALS OF PHYSIOLOGY FOR DENTAL STUDENTS
250 ## - EDITION STATEMENT
Edition statement 1st
260 ## - PUBLICATION, DISTRIBUTION, ETC. (IMPRINT)
Place of publication, distribution, etc DELHI INDIA
Name of publisher, distributor, etc JAYPEE PUBLISHER
Year of Publication 2019
300 ## - PAGE DESCRIPTION
No. of Pages 1-696
650 ## - SUBJECT ADDED ENTRY--TOPICAL TERM
Topical term or geographic name as entry element PHYSIOLOGY
942 ## - ADDED ENTRY ELEMENTS (KOHA)
Source of classification or shelving scheme Dewey Decimal Classification
Koha item type Books
942 ## - ADDED ENTRY ELEMENTS (KOHA)
-- 2
Holdings
Withdrawn status Lost status Source of classification or shelving scheme Damaged status Not for loan Home library Current library Shelving location Date acquired Vendor Name SGTU Total Checkouts Full call number Accession No. (Barcode) Date last seen Date last borrowed Bill Date Koha item type
    Dewey Decimal Classification     SGT Dental Library SGT Dental Library Text Book 10/09/2021 ABC SGTU 10 612 E19S FD8438 08/09/2025 08/09/2025 10/09/2021 Books
    Dewey Decimal Classification     SGT Dental Library SGT Dental Library Text Book 10/09/2021 ABC SGTU 8 612 E19S FD8445 28/08/2025 26/08/2025 10/09/2021 Books
    Dewey Decimal Classification     SGT Dental Library SGT Dental Library Text Book 10/09/2021 ABC SGTU   612 E19S FD8447 10/09/2021   10/09/2021 Books